|
|
|
|
| LEADER |
00000nam0a2200000 4500 |
| 001 |
283878 |
| 005 |
20231031233525.0 |
| 035 |
|
|
|a (RuTPU)RU\TPU\book\308015
|
| 090 |
|
|
|a 283878
|
| 100 |
|
|
|a 20150211d1984 m y0rusy50 ca
|
| 101 |
0 |
|
|a rus
|
| 102 |
|
|
|a RU
|
| 105 |
|
|
|a a j 001zy
|
| 200 |
1 |
|
|a Расчеты и проектирование тепловых установок заводов сборного железобетона
|e учебное пособие
|f В. Н. Попко, Д. Х. Кутышев
|g Казанский инженерно-строительный институт (КИСИ)
|
| 210 |
|
|
|a Казань
|c Изд-во КХТИ
|d 1984
|
| 215 |
|
|
|a 67 с.
|c ил.
|
| 320 |
|
|
|a Библиогр.: с. 65
|
| 606 |
|
|
|a Заводы железобетонных изделий и конструкций
|x Теплоснабжение
|2 stltpush
|3 (RuTPU)RU\TPU\subj\35635
|
| 610 |
1 |
|
|a цементы
|
| 610 |
1 |
|
|a твердение
|
| 610 |
1 |
|
|a тепловая обработка
|
| 610 |
1 |
|
|a бетоны
|
| 610 |
1 |
|
|a режимы
|
| 610 |
1 |
|
|a разработка
|
| 610 |
1 |
|
|a установки
|
| 610 |
1 |
|
|a проектирование
|
| 610 |
1 |
|
|a пропарочные камеры
|
| 610 |
1 |
|
|a конструкции
|
| 610 |
1 |
|
|a вытяжная вентиляция
|
| 610 |
1 |
|
|a расчет
|
| 610 |
1 |
|
|a подогрев
|
| 610 |
1 |
|
|a тепловой баланс
|
| 610 |
1 |
|
|a автоклавы
|
| 675 |
|
|
|a 666.982.013(075.8)
|v 3
|
| 700 |
|
1 |
|a Попко
|b В. Н.
|g Владимир Николаевич
|
| 701 |
|
1 |
|a Кутышев
|b Д. Х.
|g Джаудат Хусаинович
|
| 712 |
0 |
2 |
|a Казанский инженерно-строительный институт (КИСИ)
|c (1957-1995)
|2 stltpush
|3 (RuTPU)RU\TPU\col\14863
|
| 801 |
|
1 |
|a RU
|b 63413507
|c 20150211
|
| 801 |
|
2 |
|a RU
|b 63413507
|c 20170927
|g RCR
|
| 942 |
|
|
|c BK
|